<?xml version="1.0" encoding="UTF-8"?>
<marc:record xmlns:marc="http://www.loc.gov/MARC21/slim">
   <marc:leader>00000nam a2200000 a 4500</marc:leader>
   <marc:datafield ind1="1" ind2=" " tag="100">
      <marc:subfield code="a">Scheiwiller-Muralt, Erika</marc:subfield>
      <marc:subfield code="4">aut</marc:subfield>
      <marc:subfield code="e">Verfasser/-in</marc:subfield>
   </marc:datafield>
   <marc:datafield ind1=" " ind2=" " tag="653">
      <marc:subfield code="a">Akute Krankheit</marc:subfield>
   </marc:datafield>
   <marc:datafield ind1=" " ind2=" " tag="653">
      <marc:subfield code="a">Homöopathisches Arzneimittel</marc:subfield>
   </marc:datafield>
   <marc:datafield ind1=" " ind2=" " tag="653">
      <marc:subfield code="a">Homöopathie</marc:subfield>
   </marc:datafield>
   <marc:datafield ind1=" " ind2=" " tag="653">
      <marc:subfield code="a">Antipsorikum</marc:subfield>
   </marc:datafield>
   <marc:datafield ind1=" " ind2=" " tag="653">
      <marc:subfield code="a">Softcover / Medizin/Ganzheitsmedizin</marc:subfield>
   </marc:datafield>
   <marc:datafield ind1="0" ind2="0" tag="245">
      <marc:subfield code="a">Homöopathie bei akuten Erkrankungen und Notfällen</marc:subfield>
   </marc:datafield>
   <marc:datafield ind1="0" ind2="0" tag="245">
      <marc:subfield code="c">Erika Scheiwiller-Muralt</marc:subfield>
   </marc:datafield>
   <marc:datafield ind1=" " ind2="1" tag="264">
      <marc:subfield code="a">München</marc:subfield>
      <marc:subfield code="b">Elsevier, Urban &amp; Fischer</marc:subfield>
      <marc:subfield code="c">2010</marc:subfield>
   </marc:datafield>
   <marc:datafield ind1=" " ind2=" " tag="250">
      <marc:subfield code="a">4. Aufl.</marc:subfield>
   </marc:datafield>
   <marc:datafield ind1="1" ind2=" " tag="520">
      <marc:subfield code="a">Angaben aus der Verlagsmeldung

Homöopathie bei akuten Erkrankungen und Notfällen / von Erika Scheiwiller-Muralt

• In der für akute Indikationen maßgeschneiderten Materia Medica werden über 40 bewährte homöopathische Mittel zur Behandlung von akuten Erkrankungen und Notfällen kompakt und praxisnah dargestellt
• Das vereinfachte Repertorium und die speziell entwickelte Modalitätentabelle mit 38 Akutmitteln führen schnell und sicher zum passenden Mittel
• Der Katalog von bewährten Indikationen gibt weitere Anhaltspunkte bei der Mittelwahl
• 36 Übungsfälle und Fragebögen mit Lösungen helfen, das Wissen zu überprüfen
• Glossar und kommentierte Literaturempfehlungen sowie benutzerfreundliche Übersichten „Die großen Sieben“, „Die zwölf Verletzungsmittel“
Neu in der 4. Auflage:
• Neues, noch benutzerfreundlicheres Layout
• Arzneimittelverzeichnis
• Erweitertes Stichwortverzeichnis
</marc:subfield>
   </marc:datafield>
   <marc:datafield ind1=" " ind2=" " tag="020">
      <marc:subfield code="a">9783437559136</marc:subfield>
      <marc:subfield code="9">9783437559136</marc:subfield>
   </marc:datafield>
   <marc:datafield ind1=" " ind2=" " tag="041">
      <marc:subfield code="a">ger</marc:subfield>
   </marc:datafield>
   <marc:datafield ind1=" " ind2=" " tag="300">
      <marc:subfield code="a">VIII, 328 S.</marc:subfield>
   </marc:datafield>
</marc:record>
